00454nam a2200169Ia 450000500170000000800460001702000220006303700120008504000210009704100130011808400230013110000210015424500230017526000470019830000100024565000290025520250508164403.0008 250505s9999 xx 000 0 hin d a978-81-267-1240-3 aTextual aFEDL bengcFEDL ahin2hin a891.433, KASqFEDL aKashi Nath Singh 0aGhar ka jogi jogda aNew Delhi, IndiabRajkamal Prakashanc2006 a134p. aHindi literature-Fiction